Can You Even Count? - Statistics

General Stats
  • This quiz has been taken 749 times
  • The average score is 15 of 20
Answers on the Map
Answers color-coded by a green-red scale on the quiz's map according to % correct below.
 
Answer Stats
Answer % Correct
Round 1
99%
Round 2
97%
Round 3
93%
Round 4
93%
Round 6
89%
Round 5
88%
Round 7
84%
Round 11
83%
Round 12
79%
Round 8
79%
Round 13
77%
Round 9
77%
Round 17
73%
Round 14
72%
Round 18
71%
Round 19
65%
Round 10
63%
Round 15
58%
Round 16
56%
Round 20
37%
No matching quizzes found
Score Distribution
Percent of People with Each Score
Percentile by Number Answered
Your Score History
You have not taken this quiz